[Event "FIDE-Wch k.o."]
[Site "Tripoli"]
[Date "2004.06.23"]
[Round "3.1"]
[White "Adams, Michael"]
[Black "Hamdouchi, Hicham"]
[Result "1-0"]
[WhiteElo "2731"]
[BlackElo "2544"]
[Annotator "Psakhis,L"]
[PlyCount "65"]
[EventDate "2004.06.19"]
[EventType "k.o."]
[EventRounds "7"]
[EventCountry "LBY"]
[SourceTitle "CBM 102"]
[Source "ChessBase"]
[SourceDate "2004.09.23"]
[SourceVersion "1"]
[SourceVersionDate "2004.09.23"]
[SourceQuality "1"]

1. e4 c5 2. Nf3 Nc6 3. Bb5 d6 4. O-O Bd7 5. Re1 Nf6 6. h3 $5 {[%csl Gg4]} (6.
c3 a6 7. Bf1 (7. Ba4 $5) 7... Bg4 $5) 6... a6 (6... Ne5 7. a4 (7. Bxd7+ Nexd7
8. d3 g6 9. Nc3 Bg7 10. Bf4 O-O 11. e5 dxe5 12. Nxe5 Nxe5 13. Bxe5 Qd7 14. Qf3
Rfd8 15. Re2 Rac8 16. Rae1 Qc6 17. Qxc6 Rxc6 $11 {1/2-1/2 Frois,A-Cheparinov,I/
Linares Anibal op 2002/ (52)}) 7... a6 8. Bxd7+ Nfxd7 9. Nxe5 Nxe5 10. d3 g6
11. Nc3 Bg7 12. f4 Nc6 13. f5 e6 14. Qg4 Qd7 15. Bg5 Bd4+ 16. Kh1 h6 17. Bh4 g5
18. Bg3 O-O-O $132 {1/2-1/2 Adams,M-Banikas,H/EUR-Cup Halkidiki 2002/ (38)}) (
6... g6 7. c3 Ne5 8. Bxd7+ Nfxd7 9. d4 Nxf3+ 10. Qxf3 Bg7 11. Be3 O-O 12. dxc5
dxc5 13. Qe2 Qc7 14. Nd2 Rfc8 15. f4 c4 16. e5 Nb6 17. Bd4 Nd5 18. Qe4 e6 19.
Nf3 b5 $11 {0-1 Visser,Y-Tiviakov,S/NED-ch Leeuwarden 2004/(43)}) (6... e6 7.
c3 a6 (7... Ne5 8. Bxd7+ Qxd7 9. d4 Nxf3+ 10. Qxf3 cxd4 11. cxd4 d5 12. e5 Ne4
13. Nd2 Bb4 14. Nxe4 Bxe1 15. Nd6+ Kf8 16. Bh6 $5 Bb4 17. Bxg7+ Kxg7 18. Qf6+
Kg8 $11 {1/2-1/2 Stocek,J-Babula,V/2003 (23)}) 8. Bf1 Be7 9. Na3 (9. d4 cxd4
10. cxd4 d5 11. e5 Ne4 12. Nbd2 Nxd2 13. Bxd2 Rc8 14. Qb3 b5 15. Rac1 O-O 16.
Qe3 Qb6 17. Bd3 f5 18. exf6 Bxf6 19. Ne5 Nxe5 20. dxe5 Qxe3 21. Rxe3 Rxc1+ 22.
Bxc1 Rc8 23. Bd2 Bd8 $11 {0-1 Pierrot,F-Topalov,V/Moscow FIDE-Wch k.o. 2001/
CBM 86 (61)}) 9... O-O 10. Nc2 Ne5 11. d3 Nxf3+ 12. Qxf3 Ba4 13. Qe2 Bc6 14. g3
d5 15. e5 Nd7 16. h4 Qb6 17. Bg2 Rae8 18. Rb1 Bd8 19. b4 Qc7 20. Bf4 Be7 21.
Ne3 cxb4 22. cxb4 Qb6 $13 {1/2-1/2 Leko,P-Topalov,V/Dortmund 82/169 2001 (37)})
7. Bf1 g5 $5 {[%cal Gg5g4]} ({Good substitute to the sharp move in the text
could be} 7... e6 8. b3 Be7 9. Bb2 O-O 10. d3 b5 11. e5 dxe5 12. Nxe5 Nxe5 13.
Bxe5 Bc6 14. Nd2 Nd7 15. Bb2 Bf6 16. Qc1 Rc8 17. Ne4 Bxb2 18. Qxb2 Qc7 $11 {
1/2-1/2 Stefansson,H-Tiviakov,S/Esbjerg North Sea Cup 2002/ (25)}) 8. d4 g4 9.
d5 $1 gxf3 (9... Ne5 10. Nxe5 dxe5 11. hxg4 Bxg4 12. f3 Bd7 13. Be3 Qc7 14. Qd2
h5 15. Qf2 Rc8 16. Qh4 Bh6 17. Nd2 Bxe3+ 18. Rxe3 b5 19. c4 b4 $13 {1/2-1/2
Vasiukov,E-Gutman/Tbilisi 1979 (36)}) 10. dxc6 Bxc6 11. Qxf3 e6 (11... Bg7 $5
12. Nc3 Nd7 13. Qg3 Bd4 $13) 12. Nc3 Be7 13. Bf4 Rg8 $146 {[%cal Gg8g2]} (13...
b5 14. Rad1 Ra7 15. Qe3 Rd7 16. e5 dxe5 17. Bxe5 Rg8 18. Rxd7 (18. Bxf6 $5 Bxf6
19. Qxc5) 18... Nxd7 19. Bg3 Nf6 20. Be5 Nd7 21. Bg3 Nf6 22. Be5 {1/2-1/2
Baklan,V-Timoshenko,G/Enakievo 1997 (22)}) 14. Rad1 {[%csl Rd6] I would prefer
White's position here: his pieces are better developed and his king is safe.}
Rg6 15. a3 $5 {[%cal Gb2b4]} Qc7 (15... Qb6 $5) 16. b4 $1 cxb4 17. axb4 b5 $5
18. g3 $5 {[%cal Gf1g2]} (18. Rd2 Nd7 19. Red1 Ne5 $13) 18... O-O-O (18... Nd7
$142 {[%cal Gd7e5]}) 19. Ra1 {Here Black should play very accurately in order
not to get the worst position.} Qb7 (19... Bb7 $5 20. Ra3 Kb8) 20. Bg2 Rd7 $6 {
This move is too passive. Hamdouchi could try brave} (20... d5 $5 {with
possible continuation} 21. exd5 Nxd5 22. Nxd5 Rxd5 (22... Bxd5 23. Qc3+ Kd7 24.
Rad1 Rc8 25. Bxd5 $1 exd5 26. Qf3 $18) 23. Qa3 (23. Qc3 Bf6 24. Re5 $5 Bxe5 25.
Bxe5 Kd8 26. Bxd5 Bxd5 27. Qc5 Ke8 $13) 23... Rf5 24. Bxc6 Qxc6 {with not so
clear game}) 21. Red1 Qb6 (21... Kd8 $5) 22. Be3 $1 Qb7 23. Bd4 Bd8 (23... e5
24. Be3 {[%csl Gd5,Gf5]}) 24. Ra3 {[%cal Gd1a1]} Ne8 25. Rda1 (25. Nd5 f5 26.
Qc3 fxe4 27. Rda1) 25... Nc7 26. Qh5 $1 {[%csl Ra6,Rh7] Now it is clear, that
without serious measures black will get difficult position, due to many pawn
weaknesses he has.} Rg5 ({Worth considering} 26... f5 $1 27. exf5 Rg5 (27...
Bxg2 $5 28. fxg6 hxg6 29. Qh8 Bh1 30. Kf1 $1) 28. Bxc6 Qxc6 29. Qe2 Rxf5 30.
Ne4 $36 {and White has an edge but Black retains some tactical opportunities.})
27. Qxh7 f5 28. Qh8 fxe4 (28... Bxe4 29. Nxe4 fxe4 30. f4 $5 exf3 31. Rxf3 {
[%cal Rf3f8]}) 29. h4 Rf5 30. Bh3 ({Another promising possibility was} 30. Be3
$5 {[%cal Gg3g4]}) 30... Rff7 31. Ne2 e3 $2 ({The lesser evil for Black was} 
31... Rde7 $1 {[%cal Gc8d7]}) 32. Bxe3 e5 $2 {Second mistake} 33. Bg5 (33. Nd4
$5 exd4 34. Bg5 Kb8 35. Bxd7 Bxd7 36. Bxd8 Bh3 37. Bg5+ $18) (33. Bg5 Qb6 34.
Nf4 $1 exf4 35. Qxd8+ Kb7 36. Bxd7 Rxd7 37. Qh8 $18) 1-0

[Event "Bermuda"]
[Site "Bermuda"]
[Date "2004.01.18"]
[Round "4"]
[White "Iordachescu, Viorel"]
[Black "Movsesian, Sergei"]
[Result "1/2-1/2"]
[WhiteElo "2634"]
[BlackElo "2639"]
[Annotator "Psakhis,L"]
[PlyCount "58"]
[EventDate "2004.01.15"]
[EventType "tourn"]
[EventRounds "10"]
[EventCountry "BER"]
[EventCategory "16"]
[SourceTitle "CBM 099"]
[Source "ChessBase"]
[SourceDate "2004.03.30"]
[SourceVersion "1"]
[SourceVersionDate "2004.03.30"]
[SourceQuality "1"]

1. e4 c5 2. Nf3 d6 3. Bb5+ Nc6 4. O-O Bd7 5. Re1 Nf6 6. c3 a6 7. Bf1 (7. Ba4 c4
$5) (7. Bxc6 $5 Bxc6 8. d4 Bxe4 9. Bg5 $44) 7... Bg4 8. d3 e6 9. h3 Bh5 10. g4
(10. Nbd2 Be7 11. g4 Bg6 12. Nh4 Nd7 13. Nxg6 (13. Ng2 O-O 14. f4 h6 15. Qe2
Bh7 16. Nf3 Qc7 17. Be3 Rfe8 18. Qf2 d5 $13 {1/2-1/2 Roiz,M-Movsesian,S/EUR-ch
blitz Panormo 2002/ (65)}) 13... hxg6 14. Nc4 (14. f4 $5 g5 15. f5 Nde5 16. Nf3
Bf6 17. Be3 b5 18. a3 Rc8 19. Rc1 O-O 20. Nh2 $1 $14 {[%cal Gd3d4] Lipka,
J-Shaposhnikov,E/Pardubice op 2003 (44)}) 14... Nde5 15. Nxe5 dxe5 16. Be3 Bd6
17. a3 Qe7 18. b4 O-O 19. Ra2 b5 20. Qa1 Rfd8 21. a4 $13 {1-0 Wells,P-Gicev,B/
EUR-ch Ohrid 2001/ (46)}) 10... Bg6 11. Nh4 d5 (11... Nd7 12. g5 e5 13. Qg4 Be7
14. Nf5 O-O 15. h4 f6 16. Nxd6 fxg5 17. hxg5 Bxd6 18. Qe6+ Bf7 19. Qxd6 Qe8 20.
Bh3 Rd8 21. Be3 $14 {1/2-1/2 Venkatesh,M-Sriram,J/IND-ch Mumbai 2003/ (50)})
12. g5 Bh5 13. Qb3 c4 14. dxc4 Nxe4 $146 ({White failed to get any advantage
and after} 14... dxc4 $5 {for example:} 15. Qxc4 (15. Bxc4 $2 Na5 16. Qc2 Nxc4
17. gxf6 Qxf6 $17) 15... Nd7 16. Qd3 h6 $1 17. Qg3 Nde5 (17... Be7 $5) 18. f4
hxg5 19. fxg5 Bd6 (19... Bg4 $5 20. hxg4 $140 Rxh4 $36) 20. Bf4 Qb6+ 21. Kh1
Qxb2 22. Nd2 Qb6 $17 {Sutovsky,E-Rechlis,G/ISR t-ch 2003/0-1 (49)}) 15. cxd5 (
15. Qxb7 $4 Na5 $19) 15... Nc5 16. Qc2 (16. Qc4 b5 17. Qf4 Qxd5 18. Bg2 Qd7 $15
) 16... Qxd5 {In my opinion Black has solved his openings problems and has
rather comfortable play here.} 17. b4 (17. Bg2 Qd3 $1) 17... Nd7 18. Bg2 Qd6
19. Qe4 (19. Nf5 Qc7 {[%cal Gh5g6]}) 19... Qe5 $1 (19... Be7 $6 20. Bf4 $16)
20. Bf4 Qxe4 21. Bxe4 h6 (21... g6 {[%cal Gh7h6]}) 22. g6 $1 ({I think that
White rightly avoided the line} 22. gxh6 g6 $15) 22... Be7 (22... Nf6) 23. Nf5
$5 {A logical play - White is trying to break before Black completes his
development.} (23. gxf7+ Kxf7 24. Nf3 g5 25. Bg3 Rac8 $11) 23... exf5 24. Bxc6
bxc6 25. Bd6 O-O {Better later than never!} ({It is not easy also to assess
positions arising after} 25... O-O-O $5 26. Bxe7 Rde8 27. gxf7 Bxf7 $13) 26.
Bxe7 (26. Rxe7 Nf6) 26... Rfe8 27. Nd2 Nb6 ({In the case of} 27... Bxg6 28. Nc4
$1 $44 {[%cal Gc4d6] White has great compensation for the pawn.}) 28. gxf7+
Kxf7 29. Bc5 Nd5 ({The following does not give anything special for both sides/
} 29... Nd5 30. Nc4 Rxe1+ 31. Rxe1 Nxc3 32. Ne5+ Kf6 33. Nxc6 Nxa2 $13) 1/2-1/2

[Event "Monte Carlo FIDE GP (Women)"]
[Site "Monte Carlo"]
[Date "2015.10.14"]
[Round "10"]
[White "Muzychuk, Mariya"]
[Black "Hou, Yifan"]
[Result "0-1"]
[WhiteElo "2528"]
[BlackElo "2671"]
[Annotator "RR"]
[PlyCount "58"]
[EventDate "2015.10.03"]
[EventType "tourn"]
[EventRounds "11"]
[EventCountry "MNC"]
[EventCategory "11"]
[SourceTitle "CBM 169"]
[Source "ChessBase"]
[SourceDate "2015.11.10"]
[SourceVersion "1"]
[SourceVersionDate "2015.11.10"]
[SourceQuality "1"]
[WhiteClock "0:01:59"]
[BlackClock "0:20:11"]

1. e4 c5 2. Nf3 d6 3. Bb5+ Nd7 4. O-O a6 5. Bd3 {Dieser Zug ist eigentlich mit
der Idee c3, Bc2 und d4 verknüpft.} Ngf6 6. c4 g6 7. Nc3 Bg7 8. Re1 {Das passt
alles nicht zusammen und gibt Schwarz bereits das bequemere Spiel.} Ng4 $1 9.
Bf1 Nge5 10. d3 O-O 11. Be3 Nxf3+ 12. Qxf3 Ne5 13. Qd1 Nc6 ({Deutlich stärker
ist hier} 13... Ng4 $1 14. Bf4 Bd4 15. Bg3 f5 {, aber die Chinesin wollte wohl
die Ereignisse nicht so frühzeitig forcieren.}) 14. Qd2 Rb8 15. Ne2 e5 {
Damit wird d3-d4 unterbunden, aber Schwarz bleibt am Drücker, dafür sorgen die
beiden Hebel b7-b5 sowie f7-f5.} 16. Nc3 Be6 17. Nd5 b5 18. b3 f5 19. g3 $4 {
Stattdessen ging z.B. 19.f3,} ({aber es gab sogar eine gute Chance, das Spiel
auszugleichen:} 19. exf5 $1 gxf5 20. Rac1 {und es scheitert} f4 $2 {an} 21.
Bxf4 $1 {und nach anderen Zügen spielt Weiß jedoch selbst 21.f4!}) 19... f4 $1
20. gxf4 exf4 21. Nxf4 {Vielleicht hatte Muzychuk nur den Bauerngewinn gesehen,
die Bedrohung des Ra1 spielt ja momentan keine Rolle. Aber der entscheidende
Faktor ist nun der geschwächte weiße Königsflügel und insbesondere das Feld f3.
} Bg4 $1 22. Bg2 Ne5 $1 23. h3 ({Oder} 23. f3 Nxf3+ 24. Bxf3 Bxf3 25. Qf2 Qg5+
{und nach dem Damentausch kann sich Schwarz auf a1 bedienen.}) 23... Nf3+ 24.
Bxf3 Bxf3 {Weiß ist nun völlig hilflos.} 25. Ne6 Qh4 26. Ng5 h6 27. Nxf3 Rxf3 {
Weiß hat es geschafft, den Läufer zu beseitigen, aber dafür erscheint ein
anderes Monster auf f3.} 28. d4 Rxh3 29. Kf1 Qg4 0-1

[Event "POL-chT 66th"]
[Site "Katowice"]
[Date "2010.09.08"]
[Round "5"]
[White "Antoniewski, Rafal"]
[Black "Kempinski, Robert"]
[Result "1/2-1/2"]
[WhiteElo "2608"]
[BlackElo "2615"]
[Annotator "RR"]
[PlyCount "46"]
[EventDate "2010.09.04"]
[EventType "team-tourn"]
[EventRounds "9"]
[EventCountry "POL"]
[SourceTitle "EXT 2016"]
[Source "ChessBase"]
[SourceDate "2015.10.08"]
[SourceVersion "1"]
[SourceVersionDate "2015.10.08"]
[SourceQuality "1"]
[WhiteTeam "Dankowice"]
[BlackTeam "Wroclaw"]
[WhiteTeamCountry "POL"]
[BlackTeamCountry "POL"]

1. e4 c5 2. Nf3 d6 3. Bb5+ Nd7 (3... Bd7) 4. d4 cxd4 5. Qxd4 a6 6. Bxd7+ Bxd7
7. Nc3 (7. O-O e5) 7... e5 {Le thème de la variante} 8. Qd3 h6 9. a4 Nf6 10.
O-O Rc8 11. Rd1 Be7 12. h3 (12. Nd2 Bg4 13. Re1 Be6 14. Nf1 O-O 15. Ne3 Qb6 16.
Rd1 Rfe8 17. a5 Qc5 18. Bd2 Bd8 19. Na4 Qd4 20. Nc3 Qc5 21. Na4 Qd4 22. Nc3 Rc5
23. Qf1 Rc6 24. Be1 Qc5 25. Na4 Qa7 26. Qd3 Nh5 27. c4 Nf4 28. Qc2 Qb8 29. b3
Qc8 30. Bb4 Qb8 31. Qd2 Be7 32. Nb6 Bf8 33. Ned5 Ng6 34. Ba3 Qd8 35. Rac1 Qh4
36. f3 f5 37. Qf2 Qh5 38. b4 fxe4 39. fxe4 Be7 40. b5 axb5 41. cxb5 Rxc1 {
Rozentalis,E (2596)-Kurnosov,I (2676) Austria 2010 0-1}) 12... Qc7 13. a5 {
[%csl Rb6]} O-O 14. Nd2 {[%cal Gd2f1,Gf1e3,Ge3d5] Début d'un plan très lent
pour attaquer la case faible mais avec la pair de B, les Noirs n'ont pas de
problèmes} Be6 {[%csl Gc4,Gd5]} 15. Nf1 Rfd8 16. Ne3 Bf8 17. Qe2 g6 18. Qf3
Bg7 $15 19. Ra3 {[%csl Ra3,Rc1,Re3] C'est l'embouteillage pour les pièces
Blanches qui sont mal placées} Re8 20. Bd2 Red8 21. Bc1 {Les Blancs sautent
sur l'occasion de la répétition de position} Re8 22. Bd2 Red8 23. Bc1 Re8
1/2-1/2

[Event "POL-chT 66th"]
[Site "Katowice"]
[Date "2010.09.07"]
[Round "4"]
[White "Gdanski, Jacek"]
[Black "Szelag, Marcin"]
[Result "1/2-1/2"]
[WhiteElo "2542"]
[BlackElo "2464"]
[Annotator "RR"]
[PlyCount "39"]
[EventDate "2010.09.04"]
[EventType "team-tourn"]
[EventRounds "9"]
[EventCountry "POL"]
[SourceTitle "EXT 2016"]
[Source "ChessBase"]
[SourceDate "2015.10.08"]
[SourceVersion "1"]
[SourceVersionDate "2015.10.08"]
[SourceQuality "1"]
[WhiteTeam "Katowice Szopienice"]
[BlackTeam "Poznan Pocztowiec"]
[WhiteTeamCountry "POL"]
[BlackTeamCountry "POL"]

1. e4 c5 2. Nf3 d6 3. Bb5+ Nc6 4. O-O Bd7 5. Re1 a6 6. Bxc6 Bxc6 7. c3 Nf6 8.
d4 Bxe4 9. Bg5 Bd5 10. Nbd2 e6 11. c4 Bxf3 12. Qxf3 cxd4 13. Bxf6 (13. Qxb7 Qc8
14. Qb6 Qc5 15. Qb7 Qc8 16. Qb6 Qc5 17. Qb7 Qc8 18. Qb6 Qc5 19. Qb7 {1/2-1/2 
(19) Fedorchuk,S (2652)-Moiseenko,A (2702) Fujairah 2012}) 13... gxf6 14. Qxb7
Be7 15. Nf3 e5 16. Nxd4 {Spectaculaire mais les Noirs peuvent forcer la nulle}
Rb8 17. Qa7 $146 (17. Qc6+ Qd7 18. Qxd7+ Kxd7 19. Nb3 Rhc8 20. Rac1 Rb4 {
0-1 (22) Michel,F-Chytilek,R ICCF corr 2001}) 17... Ra8 18. Qb7 Rb8 19. Qa7 Ra8
20. Qb7 1/2-1/2

[Event "Sautron op 15th"]
[Site "Sautron"]
[Date "2015.10.24"]
[Round "9.4"]
[White "Bailet, Pierre"]
[Black "Bogdanov, Egor"]
[Result "1-0"]
[WhiteElo "2515"]
[BlackElo "2317"]
[Annotator "RR"]
[PlyCount "83"]
[EventDate "2015.10.24"]
[EventType "swiss"]
[EventRounds "9"]
[EventCountry "FRA"]
[SourceTitle "CBM 169 Extra"]
[Source "ChessBase"]
[SourceDate "2015.12.18"]
[SourceVersion "1"]
[SourceVersionDate "2015.12.18"]
[SourceQuality "1"]
[TimeControl "40/5400+30:1800+30"]
[WhiteClock "0:48:22"]
[BlackClock "0:30:13"]

1. e4 {[%emt 0:00:00]} c5 {[%emt 0:00:00]} 2. Nf3 {[%emt 0:00:00]} d6 {[%emt 0:
00:12]} 3. Bb5+ {[%emt 0:00:00]} Nd7 {[%emt 0:00:09]} (3... Nc6) (3... Bd7) 4.
O-O {[%emt 0:00:02]} a6 {[%emt 0:03:12]} 5. Bd3 {[%emt 0:00:08]} (5. Bxd7+ {
La grande ligne}) 5... g6 $6 {[%emt 0:13:53] Le coup Bd3 a surpris les Noirs
qui choisissent une variante inférieure} (5... Ngf6 $142 6. c3 (6. Re1 b5)
6... b5 7. Bc2 Bb7 8. Re1 Rc8 9. a4 b4 10. a5 Qc7 11. d3 bxc3 12. bxc3 e6 13.
h3 Be7 14. Bf4 O-O 15. Nbd2 Bc6 16. Nc4 Bb5 17. Nfd2 Rfd8 18. Bg3 Ne8 19. Kh2
Rb8 20. Ne3 Ne5 21. Qe2 Nc6 22. Nb3 Ne5 23. Nd2 Nc6 24. Ndc4 Nf6 25. Kh1 Ne5
26. f4 Nxc4 27. dxc4 Bc6 28. Nd1 g6 29. Bh2 Nh5 30. Qe3 Bh4 31. g3 Be7 32. Kg1
Re8 33. e5 Ng7 34. g4 f5 35. exf6 {Nakamura,H (2814)-Grischuk,A (2771) Saint
Louis 2015 1-0 (77)}) 6. c3 {[%emt 0:01:24]} Bg7 {[%emt 0:00:25]} 7. Bc2 {
[%emt 0:00:45]} Ngf6 {[%emt 0:07:12]} 8. d4 {[%emt 0:00:20]} Qc7 {[%emt 0:07:
17]} 9. Re1 {[%emt 0:03:46]} (9. a4 O-O 10. d5 $14 {Caruana,F (2786)-Topalov,V
(2769) Bucharest Kings 6th 2012 (4) 1/2}) 9... e5 {[%emt 0:01:26]} 10. Nbd2
$146 {[%emt 0:05:50]} (10. dxe5 dxe5 11. c4 b5 12. Qe2 b4 13. a3 O-O 14. axb4
cxb4 15. b3 Nc5 16. Bb2 Re8 17. Nbd2 Bb7 18. Ra2 a5 19. Rea1 Nfd7 20. Qe3 Ne6
21. h4 Ndc5 22. h5 Red8 23. hxg6 hxg6 24. g3 Nd4 25. Bb1 Bc6 26. Nxd4 exd4 27.
Qf4 Qxf4 28. gxf4 a4 29. e5 a3 30. Bc1 d3 31. f3 Bh6 {0-1 (31) Kantsler,B 
(2429)-Nguyen Huynh Minh,H (2490) Budapest 2014}) 10... O-O {[%emt 0:02:06]}
11. Nf1 {[%emt 0:19:04]} b5 {[%emt 0:04:51]} 12. Ng3 {[%emt 0:00:50] La
position ressemble à une Espagnole où les Noirs auraient économisé la
manoeuvre Be7f8g7} Bb7 {[%emt 0:12:35]} 13. d5 $14 {[%emt 0:01:11][%csl Rb7]}
c4 {[%emt 0:00:48]} 14. Bg5 {[%emt 0:02:40]} h6 {[%emt 0:04:25]} 15. Bd2 {
[%emt 0:00:04]} Nc5 {[%emt 0:00:56]} 16. b4 {[%emt 0:03:28]} cxb3 {[%emt 0:02:
24]} 17. axb3 {[%emt 0:00:07]} Bc8 {[%emt 0:04:18] Le Bb7 manquait d'activité}
18. b4 $5 {[%emt 0:02:10] L'éternelle question dynamisme/structure mais les
Blancs espèrent profiter de la petite avance de développement} Ncd7 {[%emt 0:
00:47]} 19. Bd3 {[%emt 0:00:28]} Nb6 $1 {[%emt 0:00:22][%cal Gb6c4]} 20. Qe2 {
[%emt 0:03:52]} Bg4 {[%emt 0:04:29]} (20... Nc4) 21. h3 {[%emt 0:00:32]} Bxf3 {
[%emt 0:02:59]} 22. Qxf3 {[%emt 0:00:08]} Nfd7 $1 {[%emt 0:00:26][%cal Gf7f5]}
23. Ra3 $1 {[%emt 0:05:42]} Nc4 $1 {[%emt 0:01:27][%cal Gd7b6]} 24. Bxc4 {
[%emt 0:00:37]} Qxc4 $132 {[%emt 0:00:05][%csl Rc3,Rd2]} 25. Rea1 {[%emt 0:00:
23][%csl Ra6] L'idée cachée des Blancs lorsqu'ils ont joué b4} Qc8 {[%emt 0:
00:24]} 26. Be3 $16 {[%emt 0:01:37]} Qb7 {[%emt 0:00:42]} 27. Qe2 {[%emt 0:00:
49]} f5 $6 {[%emt 0:02:09] La poussée naturelle mais réalisée dans des
mauvaises conditions} 28. exf5 {[%emt 0:02:06]} gxf5 {[%emt 0:00:13]} 29. Nh5
$1 {[%emt 0:02:09][%cal Ge3h6,Gh5g7]} Nf6 {[%emt 0:06:28]} (29... f4 30. Qg4
$36) 30. Nxg7 {[%emt 0:05:02]} Kxg7 {[%emt 0:00:11]} 31. f4 $1 $36 {[%emt 0:08:
53][%csl Rg7]} Nxd5 {[%emt 0:01:47]} 32. c4 $1 {[%emt 0:00:05][%csl Rg7][%cal
Ga3g3]} bxc4 {[%emt 0:01:19]} 33. fxe5 {[%emt 0:00:33]} Kh7 {[%emt 0:04:12]}
34. exd6 {[%emt 0:01:35]} Nxb4 {[%emt 0:04:28]} 35. Rc1 {[%emt 0:09:34]} (35.
Bc5 $5 {[%cal Ga3g3,Gd6d7,Gc5f8,Ge2e7]}) 35... Rf7 {[%emt 0:05:54]} 36. Rxc4 {
[%emt 0:01:18]} Qb5 {[%emt 0:00:35]} 37. Bxh6 $3 {[%emt 0:02:53]} Rc8 {[%emt 0:
02:43]} (37... Kxh6 38. Rh4+ Kg5 39. Qxb5 {[%csl Ra8,Rb4][%cal Ga3a8]}) 38. Qh5
{[%emt 0:01:13]} Qxc4 {[%emt 0:00:32]} 39. Bf8+ {[%emt 0:00:35]} Kg8 {[%emt 0:
00:01]} 40. Rg3+ $1 {[%emt 0:00:00]} Qg4 {[%emt 0:00:00]} (40... Kxf8 41. Qh8#)
41. hxg4 {[%emt 0:00:34]} Rc1+ {[%emt 0:01:55]} 42. Kh2 {[%emt 0:00:11]} 1-0

[Event "Rohde op 07th"]
[Site "Sautron"]
[Date "2007.11.02"]
[Round "8"]
[White "Potkin, Vladimir"]
[Black "Malakhatko, Vadim"]
[Result "1/2-1/2"]
[WhiteElo "2612"]
[BlackElo "2603"]
[Annotator "RR"]
[PlyCount "35"]
[EventDate "2007.10.27"]
[EventType "swiss"]
[EventRounds "9"]
[EventCountry "FRA"]
[SourceTitle "EXT 2008"]
[Source "ChessBase"]
[SourceDate "2007.11.25"]
[SourceVersion "1"]
[SourceVersionDate "2007.11.25"]
[SourceQuality "1"]

1. e4 {La partie au sommet du tournoi avec les deux forts GMI а 2600.} c5 2.
Nf3 Nc6 3. Bb5 d6 (3... g6) 4. O-O Bd7 5. Re1 {[%cal Gb5f1]} (5. c3 {[%cal
Gd2d4] L'alternative pour occuper le centre}) 5... Nf6 6. c3 ({RR} 6. h3) 6...
a6 7. Bf1 Bg4 8. d3 e6 9. Nbd2 Be7 10. h3 Bh5 11. g4 ({RR} 11. Qc2 d5 12. Nh2
Qc7 13. g3 O-O 14. Ndf3 b5 15. e5 Nd7 16. Bf4 b4) 11... Bg6 12. Nh4 Nd7 {
[%cal Gh8h3] Donne la paire de B pour essayer de faire jouer la Rh8} (12... d5
{l'autre plan}) 13. Nxg6 ({RR} 13. Ng2 {l'alternative} O-O (13... h6 14. f4 Bh7
{[%csl Rh7]} 15. Nf3 (15. f5 $5 {[%csl Rh7] donne la case "e5" mais le Bh7 est
enfermé})) 14. f4 h6 15. Qf3 Bh7 16. Qg3 Kh8 17. Nf3 Qc7 18. Kh2 Rae8 19. Bd2
b5 20. Rad1 Qb7 21. f5 Nde5) 13... hxg6 14. f4 $14 {les blancs ont un net
avantage d'espace mais la Rh8 a obtenu du jeu.} ({RR} 14. Nf3 Nde5 15. Nxe5
dxe5 16. Be3 O-O 17. a3 b6 18. Qd2 Qc7 19. b4 Rad8 20. Qa2 Rd7 21. Rab1 Rc8 22.
bxc5 Bxc5 23. Bxc5 bxc5) 14... e5 (14... Bh4 15. Re2 g5 16. f5 Nde5 17. Re3 O-O
18. Bg2 {RR} b5 19. Nf3 Nxf3+ 20. Rxf3 b4 21. Be3 Rb8 22. Qd2 Ne5 23. Rff1 Qe7
24. Qe2 a5 25. d4 Nd7 26. Qd2 Nb6 27. b3 Nd7 28. Rad1 Rfd8 29. cxb4 axb4 30.
Kh2 cxd4 31. Qxd4 Ne5 32. Rc1 Qf6 33. Rfd1 {Potkin,V (2523)-Timoshenko,G (2536)
/Ismailia 2004/CBM 103/1/2-1/2 (35)}) (14... g5 $1 {BABULA a essayé plusieurs
fois cette idée pour lutter pour les cases noires.} 15. f5 Bf6 $132 {[%csl Gd4,
Ge5]}) 15. f5 Bg5 $5 ({RR} 15... Bh4 16. Re2 Bg5 17. fxg6 ({RR} 17. Nc4) 17...
fxg6 18. Qb3 Nf8 ({RR} 18... Nf6 19. Nc4 Bxc1 20. Qxb7 Bf4 21. Qxc6+ Ke7) 19.
Nc4 Bxc1 20. Qxb7 Nd7 21. Rxc1 Na5 22. Nxa5 Rb8 23. Qxa6 Ra8 24. Qxd6) ({RR} 
15... gxf5 16. exf5 d5 17. Bg2) 16. Nf3 $146 {[%cal Gf3g5]} ({RR} 16. Nc4 {
[%cal Gc4d6,Gc1g5]} Bxc1 17. Rxc1 Nb6 ({RR} 17... b5 18. Ne3 ({RR} 18. Nxd6+
Ke7) 18... Qg5 19. Nd5 Rc8) 18. Ne3 {[%csl Gd5]} gxf5 ({RR} 18... g5) 19. exf5
d5 20. Bg2 Kf8 ({RR} 20... Qd6 21. Qb3 Ne7 22. c4 d4 23. Nf1) 21. Qf3 f6 ({RR} 
21... d4 22. Nc4 ({RR} 22. Nd1) 22... Nxc4 23. dxc4) 22. Red1 d4 ({RR} 22...
Ne7) 23. Nf1 dxc3 24. bxc3 Qc7 25. Qf2 Ne7 ({RR} 25... Na4 26. Ng3 ({RR} 26. d4
) 26... Rd8 27. Ne4) 26. d4 Rd8 ({RR} 26... Re8) 27. dxe5 Rxd1 28. Rxd1 fxe5
29. Ng3 Rh6 30. Ne4 Ned5 {Zvjaginsev,V (2650)-Xu Jun (2617)/Moscow 2004/CBM
103/[Psakhis]/1-0 (31)} {RR} 31. g5 Rc6 ({RR} 31... Rh8 32. Nxc5 Nf4 33. Ne6+
Nxe6 34. fxe6+ Ke8 35. Rb1) 32. Qh4) ({RR} 16. fxg6 fxg6 17. Qb3) 16... Bxc1
17. Rxc1 Qb6 18. Qb3 {Le réglement prévoyait un nombre minimal de 25 coups
avant de proposer nulle...} 1/2-1/2